Quantitative analysis for management (Record no. 18407)

MARC details
000 -LEADER
fixed length control field 00729nam a2200253Ia 4500
008 - FIXED-LENGTH DATA ELEMENTS--GENERAL INFORMATION
fixed length control field 220501s2018 xx 000 0 eng d
020 ## - INTERNATIONAL STANDARD BOOK NUMBER
International Standard Book Number 9789332568853
082 ## - DEWEY DECIMAL CLASSIFICATION NUMBER
Classification number 658.403 REN-Q
100 ## - MAIN ENTRY--PERSONAL NAME
Personal name Render, Barry
245 #0 - TITLE STATEMENT
Title Quantitative analysis for management
Statement of responsibility, etc Barry Render ... [et al.]
250 ## - EDITION STATEMENT
Edition statement 12th
260 ## - PUBLICATION, DISTRIBUTION, ETC. (IMPRINT)
Place of publication, distribution, etc Noida
Name of publisher, distributor, etc Pearson
Date of publication, distribution, etc 2018
300 ## - PHYSICAL DESCRIPTION
Extent / Pages xviii, 621p.
650 ## - SUBJECT ADDED ENTRY--TOPICAL TERM
Topical term or geographic name as entry element Decision making - Mathematical models
650 ## - SUBJECT ADDED ENTRY--TOPICAL TERM
Topical term or geographic name as entry element Management - Statistical methods
650 ## - SUBJECT ADDED ENTRY--TOPICAL TERM
Topical term or geographic name as entry element Management science
650 ## - SUBJECT ADDED ENTRY--TOPICAL TERM
Topical term or geographic name as entry element Operations research
650 ## - SUBJECT ADDED ENTRY--TOPICAL TERM
Topical term or geographic name as entry element Statistical decision
700 ## - ADDED ENTRY--PERSONAL NAME
Personal name Badri, T.N.
700 ## - ADDED ENTRY--PERSONAL NAME
Personal name Hale, Trevor S.
700 ## - ADDED ENTRY--PERSONAL NAME
Personal name Hanna, Michael E.
700 ## - ADDED ENTRY--PERSONAL NAME
Personal name Stair, Ralph M.
942 ## - ADDED ENTRY ELEMENTS (KOHA)
Source of classification or shelving scheme
Koha item type Books
942 ## - ADDED ENTRY ELEMENTS (KOHA)
-- 3
Holdings
Withdrawn status Lost status Source of classification or shelving scheme Damaged status Not for loan Home library Current library Date acquired Source of acquisition Cost, normal purchase price Full call number Barcode Date last seen Copy number Bill Date Koha item type Bill Number Total Checkouts Date last borrowed
          SOBD Library SOBD Library 08/03/2019 Vedi Books 495.72 658.403 REN-Q1 000439 01/07/2022 1 07/03/2019 Reference Books 1173    
          SOBD Library SOBD Library 08/03/2019 Vedi Books 495.72 658.403 REN-Q2 000440 10/04/2024 2 07/03/2019 Books 1173 1 27/03/2024
          SOBD Library SOBD Library 08/03/2019 Vedi Books 495.72 658.403 REN-Q3 000441 19/11/2024 3 07/03/2019 Books 1173 1 06/11/2024
          SOBD Library SOBD Library 08/03/2019 Vedi Books 495.72 658.403 REN-Q4 000442 10/04/2024 4 07/03/2019 Books 1173 1 27/03/2024
Hosted, Implemented, Customized & Maintained by: BestBookBuddies

Powered by Koha